Derecho comercial
সংরক্ষণ করুন:
| প্রধান লেখক: | |
|---|---|
| বিন্যাস: | গ্রন্থ |
| ভাষা: | স্প্যানিশ |
| প্রকাশিত: |
Santiago
Jurídica de Chile
2007
|
| সংস্করন: | 7a. ed |
| মালা: | Colección Manuales Jurídicos, 83-1, 85
|
| বিষয়গুলি: | |
| ট্যাগগুলো: |
ট্যাগ যুক্ত করুন
কোনো ট্যাগ নেই, প্রথমজন হিসাবে ট্যাগ করুন!
|
MARC
| LEADER | 00000cam a2200000 a 4500 | ||
|---|---|---|---|
| 001 | UCI3558 | ||
| 003 | CL-VaPUC | ||
| 008 | 071109e20070000CL |||||||||||||||||spa|d | ||
| 020 | |a 9789561016002o.c | ||
| 020 | |a 9789561018037t.1 v.1 | ||
| 020 | |a 9789561016804t.1 v.2 | ||
| 082 | 0 | 4 | |a 346.07 |b SAN |2 21 |
| 100 | 0 | |a Sandoval López, Ricardo |e author |9 170 | |
| 245 | 1 | 0 | |a Derecho comercial |
| 250 | |a 7a. ed | ||
| 300 | |a v | ||
| 942 | |c BK | ||
| 945 | |d 20071109 00:00:00 |a jtorresc | ||
| 260 | |a Santiago |b Jurídica de Chile |c 2007 | ||
| 500 | |a t.1 v.1: Actos de comercio, noción general de empresa individual y colectiva | ||
| 500 | |a t.1 v.2: Sociedades de personas y de capital | ||
| 500 | |a t.4: La insolvencia de la empresa: derecho concursal, quiebras, convenios y cesiones de bienes | ||
| 650 | 0 | |a Derecho comercial |9 256340 | |
| 650 | 7 | |a OPERACIONES COMERCIALES |2 CL-VaPUC |9 337866 | |
| 650 | 0 | |a Sociedades anónimas |9 255387 | |
| 650 | 7 | |a SOCIEDADES DE PERSONAS |2 CL-VaPUC |9 432677 | |
| 650 | 7 | |a SOCIEDADES DE RESPONSABILIDAD LIMITADA |2 CL-VaPUC |9 330760 | |
| 583 | |a last modification |c 20161026 05:08:19 |k Rodrigo Vera | ||
| 490 | 0 | |a Colección Manuales Jurídicos, 83-1, 85 | |
| 999 | |c 327705 |d 327703 | ||
| 952 | |0 0 |1 0 |4 0 |6 346_070000000000000_SAN_2007 |7 0 |8 A |9 410914 |a BIBDER |b BIBDER |d 2019-11-22 |h t.1 v.2 |i 4509374 |l 1 |m 5 |o 346.07 SAN 2007 |p 4509374 |q 2025-12-31 |r 2020-03-04 |s 2020-03-04 |w 2019-11-22 |y BK |k DER | ||
| 952 | |0 0 |1 0 |4 0 |6 346_070000000000000_SAN_2007 |7 0 |8 A |9 410915 |a BIBDER |b BIBDER |d 2019-11-22 |h t.1 v.1 |i 4509366 |l 1 |m 5 |o 346.07 SAN 2007 |p 4509366 |q 2025-12-31 |r 2020-03-04 |s 2020-03-04 |w 2019-11-22 |y BK |k DER | ||
| 952 | |0 0 |1 0 |4 0 |6 346_070000000000000_SAN_2007 |7 0 |8 A |9 410923 |a BIBGIM |b BIBGIM |d 2019-11-22 |h t.1 |i 4924622 |o 346.07 SAN 2007 |p 4924622 |r 2025-01-15 |w 2019-11-22 |y BK |k COM | ||
| 952 | |0 0 |1 0 |4 0 |6 346_070000000000000_SAN_2007 |7 0 |8 A |9 410924 |a BIBGIM |b BIBGIM |d 2019-11-22 |h t.1 |i 4924630 |o 346.07 SAN 2007 |p 4924630 |r 2025-01-15 |w 2019-11-22 |y BK |k COM | ||
| 952 | |0 0 |1 0 |4 0 |6 346_070000000000000_SAN_2007 |7 0 |8 A |9 410925 |a BIBGIM |b BIBGIM |d 2019-11-22 |h t.1 |i 4924649 |o 346.07 SAN 2007 |p 4924649 |r 2025-01-15 |w 2019-11-22 |y BK |k COM | ||
| 952 | |0 0 |1 0 |4 0 |6 346_070000000000000_SAN_2007 |7 0 |8 A |9 410926 |a BIBGIM |b BIBGIM |d 2019-11-22 |h t.1 |i 4924657 |l 1 |o 346.07 SAN 2007 |p 4924657 |r 2025-01-15 |s 2023-07-11 |w 2019-11-22 |y BK |k COM | ||
| 952 | |0 0 |1 0 |4 0 |6 346_070000000000000_SAN_2007 |7 0 |8 A |9 410927 |a BIBGIM |b BIBGIM |d 2019-11-22 |h t.1 |i 4924665 |o 346.07 SAN 2007 |p 4924665 |r 2025-01-15 |w 2019-11-22 |y BK |k COM | ||
| 952 | |0 0 |1 0 |4 0 |6 346_070000000000000_SAN_2007 |7 0 |8 A |9 410928 |a BIBGIM |b BIBGIM |d 2019-11-22 |h t.1 |i 4924673 |o 346.07 SAN 2007 |p 4924673 |r 2025-01-15 |w 2019-11-22 |y BK |k COM | ||
| 952 | |0 0 |1 0 |4 0 |6 346_070000000000000_SAN_2007 |7 0 |8 A |9 410929 |a BIBGIM |b BIBGIM |d 2019-11-22 |h t.1 |i 4924681 |o 346.07 SAN 2007 |p 4924681 |r 2025-01-15 |w 2019-11-22 |y BK |k COM | ||